Trouve les sons à +100M de stream de Spotify - Statistiques

Statistiques générales
  • Ce quiz a été pris 81 fois
  • Le résultat moyen est 6 sur 11
Statistiques - réponses
Hint Réponse % Correct
212M Au DD
92%
194M Onizuka
80%
167M Deux Frères
75%
118M DA
65%
126M Naha
62%
157M Béné
61%
132M A l'ammoniaque
56%
124M Jusqu'au dernier gramme
45%
106M La misère est si belle
39%
139M J'comprends pas
37%
108M 91's
35%
Aucun quiz correspondant
Distribution des résultats
% des personnes avec chaque résultat
Percentile par nombre de réponses
Votre historique - résultats
Vous n’avez pas pris ce quiz